| 000 | 00544nam a2200181Ia 4500 | ||
|---|---|---|---|
| 008 | 140609s9999 xx 000 0 und d | ||
| 020 | _a9780199563753 | ||
| 050 |
_aHM 585 _b.F885 2011 |
||
| 100 | _aFulcher, James. | ||
| 245 |
_aSociology / _cJames Fulcher and John Scott |
||
| 250 | _a4th ed. | ||
| 260 |
_aOxford ; New York : _bOxford University Press, _cc2011. |
||
| 300 |
_a879 p. : _bcol. ill. ; _c27 cm. |
||
| 500 | _aIncludes glossary, bibliographical references and index. | ||
| 521 | _aGE | ||
| 942 |
_kFOR _cBK |
||
| 999 |
_c118200 _d118200 |
||